000 00546nam a2200181Ia 4500
008 100917s9999 xx 000 0 und d
082 _b38886
100 _aगडकरी माधव
245 _aएक झलक पूर्वेची
260 _bकोहिनूर प्रकाशन
_c1979
300 _a97
365 _b10
520 _aप्रवास
630 _aएक झलक पूर्वेची
650 _aप्रवास
730 _aएक झलक पूर्वेची
942 _cBOOK
999 _c644280
_d644277